00385nam a2200157Ia 4500008004100000041000800041100001600049245004400065260004800109300000900157365000700166520001200173520001500185650000800200999001900208230605s2000 xx 000 0 und d aeng aSamant S.R. aBombay Shops & embellishments Acts 1948 bS.L. Dwivedi Labour Law Agancy Mumbaic2000 a151p h20 aGeneral aHard Board aLaw c420193d420193